Kurt Cobain : (Registro nro. 3246)
[ vista simple ]
| 000 -LEADER | |
|---|---|
| fixed length control field | 01297nam a2200265Ia 4500 |
| 003 - CONTROL NUMBER IDENTIFIER | |
| control field | OSt |
| 005 - DATE AND TIME OF LATEST TRANSACTION | |
| control field | 20200930220523.0 |
| 008 - FIXED-LENGTH DATA ELEMENTS--GENERAL INFORMATION | |
| fixed length control field | 191128t2006 ck ao gr 000 0 spa d |
| 020 ## - INTERNATIONAL STANDARD BOOK NUMBER | |
| International Standard Book Number | 9789583019555 |
| 040 ## - CATALOGING SOURCE | |
| Original cataloging agency | CO-JMCR |
| Transcribing agency | CO-JMCR |
| 041 0# - LANGUAGE CODE | |
| Language code of text/sound track or separate title | spa |
| 082 04 - DEWEY DECIMAL CLASSIFICATION NUMBER | |
| Classification number | 927.8 / |
| Item number | A135k |
| Edition number | 23 |
| 100 1# - MAIN ENTRY--PERSONAL NAME | |
| Personal name | Abdahllah, Ricardo, |
| Relator term | autor |
| 9 (RLIN) | 11075 |
| 245 10 - TITLE STATEMENT | |
| Title | Kurt Cobain : |
| Remainder of title | el rock estaba muerto / |
| Statement of responsibility, etc. | Ricardo Abdahllah |
| 250 ## - EDITION STATEMENT | |
| Edition statement | Primera edición |
| 260 ## - PUBLICATION, DISTRIBUTION, ETC. | |
| Place of publication, distribution, etc. | Bogotá : |
| Name of publisher, distributor, etc. | Panamericana, |
| Date of publication, distribution, etc. | ©2006 |
| 300 ## - PHYSICAL DESCRIPTION | |
| Extent | 172 páginas : |
| Other physical details | fotografías a blanco y negro ; |
| Dimensions | 21 cm. |
| 490 0# - SERIES STATEMENT | |
| Series statement | 100 personajes autores |
| 505 0# - FORMATTED CONTENTS NOTE | |
| Formatted contents note | Una ciudad promedio -- Las primeras guitarras de Kurt Cobain -- Un "pequeño grupo" llamado Nirvana -- En el camino -- La independencia del punk y el perfume de las chicas -- Algo en el aire -- La revolución grunge |
| 520 3# - SUMMARY, ETC. | |
| Summary, etc. | Kurt Cobain vivió sólo 27 años. Igual que Jim Morrison, Janis Joplin y Jimi Hendrix. Como ellos, redefinió el sonido del rock y le devolvió la vida en un momento en que las poses de las superestrellas y el virtuosismo de si músicos lo habían alejado de su |
| 600 14 - SUBJECT ADDED ENTRY--PERSONAL NAME | |
| Personal name | Cobain, Kurt, |
| General subdivision | biografías |
| Chronological subdivision | 1967-1994 |
| 9 (RLIN) | 11076 |
| 650 14 - SUBJECT ADDED ENTRY--TOPICAL TERM | |
| Topical term or geographic name entry element | Música estadounidenses |
| 9 (RLIN) | 11077 |
| 650 14 - SUBJECT ADDED ENTRY--TOPICAL TERM | |
| Topical term or geographic name entry element | Musicos estadounidenses |
| General subdivision | biografías |
| 9 (RLIN) | 11078 |
| 942 ## - ADDED ENTRY ELEMENTS (KOHA) | |
| Source of classification or shelving scheme | Dewey Decimal Classification |
| Koha item type | Books |
| Withdrawn status | Lost status | Source of classification or shelving scheme | Damaged status | Not for loan | Collection code | Home library | Current library | Date acquired | Source of acquisition | Total Checkouts | Total Renewals | Full call number | Barcode | Date last seen | Date last checked out | Copy number | Koha item type |
|---|---|---|---|---|---|---|---|---|---|---|---|---|---|---|---|---|---|
| Dewey Decimal Classification | Non-fiction | Biblioteca Pública José María del Castillo y Rada | Biblioteca Pública José María del Castillo y Rada | 01/22/2018 | Donación | 10 | 4 | 927.8 / A135k | 201506978 | 10/29/2025 | 10/29/2025 | Ej.1 | Books |